[Event "DEM U18w 2020"]
[Site "Willingen GER"]
[Date "2020.10.22"]
[Round "4"]
[White "Schneider, Jana"]
[Black "Kobald, Jacqueline"]
[Result "1-0"]
[Termination "normal"]
[Board "1"]
[WhiteTitle "FM"]
[WhiteElo "2270"]
[BlackElo "1955"]
[WhiteClock "00:45:08"]
[BlackClock "00:27:47"]
[PlyCount "35"]
[WhiteFideId "12924997"]
[BlackFideId "12988162"]
[EventCountry "GER"]
[EventRounds "7"]
[EventType "swiss"]
[EventDate "2020.10.19"]

1. e4 {[%clk 1:30:56]} c5 {[%clk 1:30:51]} 2. Nf3 {[%clk 1:31:21]} e6 {[%clk
1:31:02]} 3. d4 {[%clk 1:31:44]} cxd4 {[%clk 1:31:24]} 4. Nxd4 {[%clk 1:32:10]}
Bc5 {[%clk 1:31:24]} 5. Nb3 {[%clk 1:28:07]} Bb6 {[%clk 1:29:46]} 6. Bf4 {[%clk
1:14:03]} d5 {[%clk 1:21:28]} 7. exd5 {[%clk 1:14:08]} exd5 {[%clk 1:21:24]} 8.
Bb5+ {[%clk 1:12:42]} Nc6 {[%clk 1:18:37]} 9. O-O {[%clk 1:12:14]} Nge7 {[%clk
1:13:40]} 10. a3 {[%clk 1:04:40]} O-O {[%clk 1:13:19]} 11. Nc3 {[%clk 1:03:29]}
Be6 {[%clk 1:05:26]} 12. Na4 {[%clk 0:56:00]} Ng6 {[%clk 0:58:27]} 13. Bg3
{[%clk 0:54:40]} Bc7 {[%clk 0:51:23]} 14. Nac5 {[%clk 0:48:42]} Bxg3 {[%clk
0:43:08]} 15. hxg3 {[%clk 0:49:01]} Na5 {[%clk 0:41:27]} 16. Nd4 {[%clk
0:45:28]} Qb6 {[%clk 0:37:40]} 17. b4 {[%clk 0:44:55]} Bc8 {[%clk 0:27:47]} 18.
Na4 {[%clk 0:45:08]} 1-0

[Event "DEM U18w 2020"]
[Site "Willingen GER"]
[Date "2020.10.22"]
[Round "4"]
[White "Nizamova, Rita"]
[Black "Müdder, Melanie"]
[Result "0-1"]
[Termination "normal"]
[Board "2"]
[WhiteElo "1684"]
[BlackElo "2039"]
[WhiteClock "00:14:49"]
[BlackClock "00:14:13"]
[PlyCount "114"]
[WhiteFideId "16221940"]
[BlackFideId "12994103"]
[EventCountry "GER"]
[EventRounds "7"]
[EventType "swiss"]
[EventDate "2020.10.19"]

1. e4 {[%clk 1:30:58]} c5 {[%clk 1:30:48]} 2. d4 {[%clk 1:31:25]} cxd4 {[%clk
1:31:13]} 3. c3 {[%clk 1:31:50]} dxc3 {[%clk 1:31:37]} 4. Nxc3 {[%clk 1:32:15]}
Nc6 {[%clk 1:32:00]} 5. Nf3 {[%clk 1:32:39]} e6 {[%clk 1:32:18]} 6. Bc4 {[%clk
1:33:02]} a6 {[%clk 1:32:41]} 7. O-O {[%clk 1:33:16]} b5 {[%clk 1:32:47]} 8.
Bb3 {[%clk 1:33:40]} Bb7 {[%clk 1:33:10]} 9. Qe2 {[%clk 1:32:49]} Bc5 {[%clk
1:33:24]} 10. Bg5 {[%clk 1:30:52]} Nd4 {[%clk 1:31:47]} 11. Bxd8 {[%clk
1:20:53]} Nxe2+ {[%clk 1:32:08]} 12. Nxe2 {[%clk 1:21:17]} Rxd8 {[%clk
1:31:07]} 13. Rac1 {[%clk 1:20:55]} Bb6 {[%clk 1:22:16]} 14. Ng3 {[%clk
1:11:22]} Ne7 {[%clk 1:17:33]} 15. Rfd1 {[%clk 1:08:57]} O-O {[%clk 1:06:55]}
16. Rd6 {[%clk 1:08:08]} Bc6 {[%clk 0:59:11]} 17. Rcd1 {[%clk 0:59:44]} Bc7
{[%clk 0:53:07]} 18. R6d4 {[%clk 0:58:56]} d5 {[%clk 0:46:28]} 19. exd5 {[%clk
0:49:06]} Bxd5 {[%clk 0:46:26]} 20. Bxd5 {[%clk 0:49:15]} Nxd5 {[%clk 0:42:09]}
21. Ne4 {[%clk 0:41:39]} Rc8 {[%clk 0:33:21]} 22. Nc3 {[%clk 0:31:31]} Nxc3
{[%clk 0:28:41]} 23. bxc3 {[%clk 0:31:51]} Rfd8 {[%clk 0:25:36]} 24. Rxd8+
{[%clk 0:30:44]} Rxd8 {[%clk 0:25:54]} 25. Rxd8+ {[%clk 0:31:04]} Bxd8 {[%clk
0:26:18]} 26. Nd2 {[%clk 0:30:14]} Kf8 {[%clk 0:22:44]} 27. Kf1 {[%clk
0:30:01]} Ke7 {[%clk 0:21:15]} 28. Ne4 {[%clk 0:26:09]} f5 {[%clk 0:17:08]} 29.
Nc5 {[%clk 0:26:00]} a5 {[%clk 0:16:15]} 30. Ke2 {[%clk 0:25:39]} Bb6 {[%clk
0:14:19]} 31. Nb3 {[%clk 0:23:34]} Kd6 {[%clk 0:09:42]} 32. f3 {[%clk 0:22:55]}
Kd5 {[%clk 0:09:03]} 33. Kd3 {[%clk 0:22:35]} e5 {[%clk 0:08:29]} 34. Nd2
{[%clk 0:21:49]} g6 {[%clk 0:05:16]} 35. g4 {[%clk 0:12:28]} Bd8 {[%clk
0:04:18]} 36. h3 {[%clk 0:06:46]} Bg5 {[%clk 0:04:18]} 37. Nb1 {[%clk 0:02:09]}
e4+ {[%clk 0:03:59]} 38. fxe4+ {[%clk 0:01:51]} fxe4+ {[%clk 0:04:20]} 39. Ke2
{[%clk 0:02:12]} b4 {[%clk 0:03:27]} 40. cxb4 {[%clk 0:01:20]} axb4 {[%clk
0:03:48]} 41. a3 {[%clk 0:27:26]} Be7 {[%clk 0:22:15]} 42. axb4 {[%clk
0:26:23]} Bxb4 {[%clk 0:22:35]} 43. Ke3 {[%clk 0:26:02]} Ke5 {[%clk 0:21:20]}
44. h4 {[%clk 0:23:20]} h6 {[%clk 0:19:05]} 45. Ke2 {[%clk 0:17:16]} Kf4 {[%clk
0:18:47]} 46. h5 {[%clk 0:16:36]} g5 {[%clk 0:18:34]} 47. Kf2 {[%clk 0:16:32]}
Kxg4 {[%clk 0:18:27]} 48. Ke3 {[%clk 0:16:50]} Kxh5 {[%clk 0:15:00]} 49. Kxe4
{[%clk 0:17:09]} Kg4 {[%clk 0:15:25]} 50. Ke3 {[%clk 0:17:22]} h5 {[%clk
0:14:07]} 51. Kf2 {[%clk 0:17:32]} h4 {[%clk 0:14:01]} 52. Kg2 {[%clk 0:15:40]}
h3+ {[%clk 0:14:15]} 53. Kh2 {[%clk 0:16:04]} Kh4 {[%clk 0:12:59]} 54. Kh1
{[%clk 0:15:06]} g4 {[%clk 0:13:18]} 55. Kg1 {[%clk 0:14:46]} g3 {[%clk
0:13:36]} 56. Kh1 {[%clk 0:14:24]} g2+ {[%clk 0:13:54]} 57. Kh2 {[%clk
0:14:49]} Bd6+ {[%clk 0:14:13]} 0-1

[Event "DEM U18w 2020"]
[Site "Willingen GER"]
[Date "2020.10.22"]
[Round "4"]
[White "Garbuz, Nicole"]
[Black "Ehmann, Johanna"]
[Result "1-0"]
[Termination "normal"]
[Board "3"]
[WhiteElo "1719"]
[BlackElo "1846"]
[WhiteClock "00:20:32"]
[BlackClock "00:12:19"]
[PlyCount "61"]
[WhiteFideId "12990701"]
[BlackFideId "12953130"]
[EventCountry "GER"]
[EventRounds "7"]
[EventType "swiss"]
[EventDate "2020.10.19"]

1. e4 {[%clk 1:30:58]} e5 {[%clk 1:30:54]} 2. Nf3 {[%clk 1:31:24]} Nc6 {[%clk
1:31:17]} 3. Bc4 {[%clk 1:31:49]} Bc5 {[%clk 1:31:28]} 4. c3 {[%clk 1:32:01]}
Nf6 {[%clk 1:31:44]} 5. d4 {[%clk 1:32:20]} exd4 {[%clk 1:31:47]} 6. cxd4
{[%clk 1:32:45]} Bb4+ {[%clk 1:32:01]} 7. Nc3 {[%clk 1:32:38]} Nxe4 {[%clk
1:31:21]} 8. O-O {[%clk 1:32:53]} Bxc3 {[%clk 1:27:50]} 9. d5 {[%clk 1:32:44]}
Bf6 {[%clk 1:26:07]} 10. Re1 {[%clk 1:32:27]} Ne7 {[%clk 1:23:03]} 11. Rxe4
{[%clk 1:32:35]} d6 {[%clk 1:17:43]} 12. Bg5 {[%clk 1:31:46]} Bxg5 {[%clk
1:13:11]} 13. Nxg5 {[%clk 1:32:03]} h6 {[%clk 1:12:39]} 14. Qe2 {[%clk
1:31:37]} hxg5 {[%clk 1:10:26]} 15. Re1 {[%clk 1:31:39]} Be6 {[%clk 1:08:10]}
16. h3 {[%clk 1:31:31]} a6 {[%clk 0:58:20]} 17. dxe6 {[%clk 1:28:43]} f6 {[%clk
0:56:07]} 18. Rg4 {[%clk 1:20:45]} c6 {[%clk 0:47:31]} 19. f4 {[%clk 1:09:39]}
Qb6+ {[%clk 0:44:06]} 20. Kh1 {[%clk 0:59:57]} O-O-O {[%clk 0:40:18]} 21. fxg5
{[%clk 0:57:31]} fxg5 {[%clk 0:29:08]} 22. Rf1 {[%clk 0:40:18]} Rdf8 {[%clk
0:27:45]} 23. Rf7 {[%clk 0:38:18]} Ng6 {[%clk 0:17:26]} 24. e7 {[%clk 0:26:23]}
Re8 {[%clk 0:15:56]} 25. Qe6+ {[%clk 0:26:10]} Kb8 {[%clk 0:15:47]} 26. Qxg6
{[%clk 0:25:03]} Qxb2 {[%clk 0:13:00]} 27. Qxd6+ {[%clk 0:23:33]} Ka8 {[%clk
0:13:21]} 28. Rf8 {[%clk 0:21:09]} Qb1+ {[%clk 0:12:15]} 29. Kh2 {[%clk
0:20:45]} Qb6 {[%clk 0:11:56]} 30. Rxe8+ {[%clk 0:20:11]} Rxe8 {[%clk 0:12:19]}
31. Bf7 {[%clk 0:20:32]} 1-0

[Event "DEM U18w 2020"]
[Site "Willingen GER"]
[Date "2020.10.22"]
[Round "4"]
[White "Mundt, Alexandra"]
[Black "Fock, Amina"]
[Result "1/2-1/2"]
[Termination "normal"]
[Board "4"]
[WhiteElo "1786"]
[BlackElo "1840"]
[WhiteClock "00:14:59"]
[BlackClock "00:33:22"]
[PlyCount "85"]
[WhiteFideId "16217276"]
[BlackFideId "12981982"]
[EventCountry "GER"]
[EventRounds "7"]
[EventType "swiss"]
[EventDate "2020.10.19"]

1. e4 {[%clk 1:30:57]} c5 {[%clk 1:30:54]} 2. Nf3 {[%clk 1:31:23]} d6 {[%clk
1:31:19]} 3. d4 {[%clk 1:31:45]} cxd4 {[%clk 1:31:42]} 4. Nxd4 {[%clk 1:32:10]}
Nf6 {[%clk 1:32:06]} 5. Nc3 {[%clk 1:32:12]} a6 {[%clk 1:32:31]} 6. Be3 {[%clk
1:32:16]} e5 {[%clk 1:32:54]} 7. Nb3 {[%clk 1:32:32]} Be6 {[%clk 1:33:16]} 8.
f3 {[%clk 1:31:55]} Be7 {[%clk 1:33:36]} 9. Qd2 {[%clk 1:31:26]} Nbd7 {[%clk
1:33:42]} 10. O-O-O {[%clk 1:30:42]} b5 {[%clk 1:32:32]} 11. g4 {[%clk
1:27:12]} b4 {[%clk 1:28:58]} 12. Nd5 {[%clk 1:16:19]} Bxd5 {[%clk 1:28:42]}
13. exd5 {[%clk 1:16:39]} Nb6 {[%clk 1:28:50]} 14. Qxb4 {[%clk 0:55:01]} Nbxd5
{[%clk 1:21:49]} 15. Qa4+ {[%clk 0:55:15]} Kf8 {[%clk 1:22:07]} 16. Bf2 {[%clk
0:53:26]} Nf4 {[%clk 1:16:27]} 17. Kb1 {[%clk 0:45:11]} Nd7 {[%clk 1:08:30]}
18. Na5 {[%clk 0:39:34]} Qc7 {[%clk 0:55:48]} 19. Qc6 {[%clk 0:32:22]} Qxc6
{[%clk 0:52:44]} 20. Nxc6 {[%clk 0:32:50]} a5 {[%clk 0:49:21]} 21. Be3 {[%clk
0:23:03]} Ne6 {[%clk 0:43:54]} 22. h4 {[%clk 0:20:16]} h6 {[%clk 0:40:14]} 23.
Bd2 {[%clk 0:16:13]} a4 {[%clk 0:35:22]} 24. Bb4 {[%clk 0:09:18]} Ndc5 {[%clk
0:35:06]} 25. Bc4 {[%clk 0:07:30]} Rc8 {[%clk 0:33:24]} 26. Nxe7 {[%clk
0:06:43]} Kxe7 {[%clk 0:33:26]} 27. Bd5 {[%clk 0:04:28]} Nd4 {[%clk 0:28:46]}
28. Rhe1 {[%clk 0:04:01]} Nce6 {[%clk 0:26:56]} 29. c3 {[%clk 0:03:04]} Nb5
{[%clk 0:27:02]} 30. Bb7 {[%clk 0:02:50]} Rb8 {[%clk 0:18:40]} 31. Bc6 {[%clk
0:02:38]} f6 {[%clk 0:16:23]} 32. Bxb5 {[%clk 0:02:31]} Rxb5 {[%clk 0:16:45]}
33. Bxd6+ {[%clk 0:02:58]} Kf7 {[%clk 0:16:49]} 34. Ba3 {[%clk 0:02:16]} h5
{[%clk 0:12:35]} 35. Rd7+ {[%clk 0:01:48]} Kg6 {[%clk 0:12:51]} 36. Re7 {[%clk
0:00:55]} Rb6 {[%clk 0:12:46]} 37. g5 {[%clk 0:00:59]} fxg5 {[%clk 0:12:30]}
38. Rxe5 {[%clk 0:00:46]} Kf6 {[%clk 0:12:16]} 39. Re4 {[%clk 0:00:53]} gxh4
{[%clk 0:11:40]} 40. Rxh4 {[%clk 0:01:05]} Ra6 {[%clk 0:11:48]} 41. Rb7 {[%clk
0:23:06]} g5 {[%clk 0:39:11]} 42. Rh2 {[%clk 0:22:21]} h4 {[%clk 0:33:22]} 43.
Kc2 {[%clk 0:14:59]} 1/2-1/2

[Event "DEM U18w 2020"]
[Site "Willingen GER"]
[Date "2020.10.22"]
[Round "4"]
[White "Geletzke, Hannah"]
[Black "Naumenko, Valerija"]
[Result "0-1"]
[Termination "normal"]
[Board "5"]
[WhiteElo "1624"]
[BlackElo "1678"]
[WhiteClock "00:00:59"]
[BlackClock "00:01:29"]
[PlyCount "48"]
[WhiteFideId "12983330"]
[BlackFideId "16222890"]
[EventCountry "GER"]
[EventRounds "7"]
[EventType "swiss"]
[EventDate "2020.10.19"]

1. e4 {[%clk 1:30:58]} d5 {[%clk 1:30:55]} 2. exd5 {[%clk 1:31:11]} Qxd5 {[%clk
1:31:19]} 3. Nc3 {[%clk 1:31:20]} Qd6 {[%clk 1:31:44]} 4. Bc4 {[%clk 1:15:56]}
Nf6 {[%clk 1:27:18]} 5. Nge2 {[%clk 1:13:41]} Bg4 {[%clk 1:12:15]} 6. h3 {[%clk
1:11:46]} Bh5 {[%clk 1:10:49]} 7. d3 {[%clk 1:04:48]} c6 {[%clk 1:07:03]} 8. g4
{[%clk 0:51:36]} Bg6 {[%clk 1:06:26]} 9. f4 {[%clk 0:50:02]} e6 {[%clk
1:05:58]} 10. Be3 {[%clk 0:48:01]} Nbd7 {[%clk 1:01:12]} 11. Qd2 {[%clk
0:46:27]} Qc7 {[%clk 0:45:25]} 12. O-O-O {[%clk 0:40:17]} b5 {[%clk 0:37:33]}
13. Bb3 {[%clk 0:38:58]} Bb4 {[%clk 0:22:08]} 14. Rde1 {[%clk 0:21:28]} O-O-O
{[%clk 0:17:52]} 15. Nd4 {[%clk 0:17:19]} Nc5 {[%clk 0:14:15]} 16. Qg2 {[%clk
0:14:42]} Bxc3 {[%clk 0:13:45]} 17. bxc3 {[%clk 0:14:08]} Nxb3+ {[%clk
0:13:19]} 18. axb3 {[%clk 0:10:23]} Nd5 {[%clk 0:11:41]} 19. Kb2 {[%clk
0:05:27]} a6 {[%clk 0:04:13]} 20. Nf3 {[%clk 0:02:07]} Nxe3 {[%clk 0:01:28]}
21. Rxe3 {[%clk 0:02:28]} Qxf4 {[%clk 0:01:51]} 22. Nd4 {[%clk 0:01:43]} Rd6
{[%clk 0:01:43]} 23. Rf3 {[%clk 0:00:40]} Qe5 {[%clk 0:01:26]} 24. Ra1 {[%clk
0:00:59]} Kb7 {[%clk 0:01:29]} 0-1

[Event "DEM U18w 2020"]
[Site "Willingen GER"]
[Date "2020.10.22"]
[Round "4"]
[White "Tornay, Haizea"]
[Black "Schiewe, Nadin"]
[Result "1-0"]
[Termination "normal"]
[Board "6"]
[WhiteElo "1659"]
[BlackElo "1660"]
[WhiteClock "00:13:01"]
[BlackClock "00:20:56"]
[PlyCount "133"]
[WhiteFideId "16205758"]
[BlackFideId "16209079"]
[EventCountry "GER"]
[EventRounds "7"]
[EventType "swiss"]
[EventDate "2020.10.19"]

1. d4 {[%clk 1:30:58]} d5 {[%clk 1:30:53]} 2. c4 {[%clk 1:31:23]} e6 {[%clk
1:31:11]} 3. Nf3 {[%clk 1:31:37]} f5 {[%clk 1:30:08]} 4. g3 {[%clk 1:31:49]} c6
{[%clk 1:29:15]} 5. Bg2 {[%clk 1:31:46]} Bd6 {[%clk 1:29:23]} 6. O-O {[%clk
1:31:07]} Nf6 {[%clk 1:29:32]} 7. Nc3 {[%clk 1:29:16]} O-O {[%clk 1:29:18]} 8.
Bf4 {[%clk 1:24:45]} Bxf4 {[%clk 1:25:03]} 9. gxf4 {[%clk 1:25:01]} Ne4 {[%clk
1:23:28]} 10. e3 {[%clk 1:20:26]} Rf6 {[%clk 1:16:03]} 11. cxd5 {[%clk
1:10:19]} exd5 {[%clk 1:15:40]} 12. Kh1 {[%clk 0:57:04]} Rh6 {[%clk 1:12:11]}
13. Nxe4 {[%clk 0:47:57]} fxe4 {[%clk 1:12:03]} 14. Ng5 {[%clk 0:48:13]} Rh4
{[%clk 1:05:23]} 15. Qb3 {[%clk 0:44:54]} Nd7 {[%clk 0:55:39]} 16. Nxe4 {[%clk
0:37:53]} Kh8 {[%clk 0:49:52]} 17. Ng5 {[%clk 0:35:42]} Qe8 {[%clk 0:47:31]}
18. Qd3 {[%clk 0:24:23]} Nf6 {[%clk 0:44:38]} 19. Qd1 {[%clk 0:20:45]} Ng4
{[%clk 0:36:55]} 20. h3 {[%clk 0:18:42]} Nf6 {[%clk 0:28:20]} 21. Kh2 {[%clk
0:13:32]} Bf5 {[%clk 0:23:37]} 22. Rh1 {[%clk 0:12:54]} Ng4+ {[%clk 0:15:18]}
23. Kg3 {[%clk 0:10:04]} Nxe3 {[%clk 0:12:33]} 24. fxe3 {[%clk 0:09:48]} Rh6
{[%clk 0:02:31]} 25. Bf3 {[%clk 0:08:07]} Kg8 {[%clk 0:01:54]} 26. Kf2 {[%clk
0:08:09]} Qe7 {[%clk 0:01:51]} 27. Bg4 {[%clk 0:07:19]} Be4 {[%clk 0:01:18]}
28. Rg1 {[%clk 0:05:59]} Re8 {[%clk 0:01:23]} 29. Qe2 {[%clk 0:05:16]} Rf6
{[%clk 0:01:35]} 30. Nxe4 {[%clk 0:04:28]} Qxe4 {[%clk 0:01:47]} 31. Rg3 {[%clk
0:03:43]} g6 {[%clk 0:01:38]} 32. Bf3 {[%clk 0:03:27]} Qf5 {[%clk 0:01:55]} 33.
h4 {[%clk 0:03:08]} Kf7 {[%clk 0:02:04]} 34. h5 {[%clk 0:03:06]} Re7 {[%clk
0:00:49]} 35. hxg6+ {[%clk 0:02:58]} hxg6 {[%clk 0:01:14]} 36. Rh1 {[%clk
0:02:59]} Ke8 {[%clk 0:01:12]} 37. Rh8+ {[%clk 0:02:42]} Rf8 {[%clk 0:01:40]}
38. Rgh3 {[%clk 0:02:53]} Qf6 {[%clk 0:01:24]} 39. Rxf8+ {[%clk 0:02:40]} Kxf8
{[%clk 0:01:42]} 40. Qd3 {[%clk 0:02:05]} Qe6 {[%clk 0:00:49]} 41. Rh6 {[%clk
0:00:46]} Kg7 {[%clk 0:30:29]} 42. Rh1 {[%clk 0:31:24]} b5 {[%clk 0:29:56]} 43.
Rg1 {[%clk 0:30:37]} Kf7 {[%clk 0:28:01]} 44. Bd1 {[%clk 0:20:40]} Qf6 {[%clk
0:25:13]} 45. Ke2 {[%clk 0:16:36]} Re6 {[%clk 0:24:15]} 46. Bc2 {[%clk
0:16:15]} Qh4 {[%clk 0:23:12]} 47. Rxg6 {[%clk 0:13:54]} Qh5+ {[%clk 0:22:52]}
48. Kd2 {[%clk 0:14:15]} Rxg6 {[%clk 0:23:04]} 49. Qxg6+ {[%clk 0:14:42]} Qxg6
{[%clk 0:23:25]} 50. Bxg6+ {[%clk 0:15:06]} Kxg6 {[%clk 0:23:52]} 51. a4 {[%clk
0:14:36]} a5 {[%clk 0:23:24]} 52. Ke2 {[%clk 0:13:32]} b4 {[%clk 0:18:53]} 53.
b3 {[%clk 0:13:36]} Kf6 {[%clk 0:19:15]} 54. Kf2 {[%clk 0:13:23]} Kg6 {[%clk
0:18:52]} 55. Kg2 {[%clk 0:13:01]} Kg7 {[%clk 0:18:04]} 56. Kf3 {[%clk
0:12:05]} Kf6 {[%clk 0:18:20]} 57. Kg4 {[%clk 0:12:11]} Kg6 {[%clk 0:18:35]}
58. f5+ {[%clk 0:12:31]} Kf7 {[%clk 0:18:17]} 59. Kg5 {[%clk 0:12:45]} Kg7
{[%clk 0:18:31]} 60. f6+ {[%clk 0:13:04]} Kf8 {[%clk 0:18:51]} 61. Kg6 {[%clk
0:11:48]} Kg8 {[%clk 0:18:54]} 62. f7+ {[%clk 0:11:53]} Kf8 {[%clk 0:19:20]}
63. Kf6 {[%clk 0:12:12]} c5 {[%clk 0:19:46]} 64. dxc5 {[%clk 0:12:24]} d4
{[%clk 0:20:11]} 65. c6 {[%clk 0:12:42]} dxe3 {[%clk 0:20:32]} 66. c7 {[%clk
0:13:01]} e2 {[%clk 0:20:56]} 67. c8=Q# 1-0

[Event "DEM U18w 2020"]
[Site "Willingen GER"]
[Date "2020.10.22"]
[Round "4"]
[White "Grining, Maria"]
[Black "Albayrak, Berrak"]
[Result "1/2-1/2"]
[Termination "normal"]
[Board "7"]
[WhiteElo "1768"]
[BlackElo "1433"]
[WhiteClock "00:19:04"]
[BlackClock "00:19:10"]
[PlyCount "89"]
[WhiteFideId "16235037"]
[BlackFideId "16241657"]
[EventCountry "GER"]
[EventRounds "7"]
[EventType "swiss"]
[EventDate "2020.10.19"]

1. d4 {[%clk 1:30:57]} d6 {[%clk 1:30:56]} 2. Nf3 {[%clk 1:31:07]} Nf6 {[%clk
1:31:19]} 3. c4 {[%clk 1:31:26]} g6 {[%clk 1:31:42]} 4. Nc3 {[%clk 1:31:46]}
Bf5 {[%clk 1:31:42]} 5. Qb3 {[%clk 1:29:02]} b6 {[%clk 1:31:42]} 6. Nh4 {[%clk
1:20:47]} Bd7 {[%clk 1:27:14]} 7. e4 {[%clk 1:19:26]} Nc6 {[%clk 1:15:05]} 8.
Nf3 {[%clk 1:14:03]} Bg4 {[%clk 1:06:34]} 9. Be3 {[%clk 1:04:18]} Bg7 {[%clk
0:59:50]} 10. h3 {[%clk 0:58:21]} Bxf3 {[%clk 0:51:32]} 11. gxf3 {[%clk
0:57:26]} O-O {[%clk 0:48:40]} 12. f4 {[%clk 0:55:32]} e5 {[%clk 0:40:15]} 13.
fxe5 {[%clk 0:35:03]} dxe5 {[%clk 0:37:50]} 14. d5 {[%clk 0:33:23]} Na5 {[%clk
0:36:44]} 15. Qc2 {[%clk 0:31:02]} Nb7 {[%clk 0:32:03]} 16. Bg2 {[%clk
0:27:55]} Nd6 {[%clk 0:28:42]} 17. Nb5 {[%clk 0:21:06]} Nd7 {[%clk 0:23:54]}
18. b4 {[%clk 0:19:10]} f5 {[%clk 0:17:07]} 19. exf5 {[%clk 0:08:17]} gxf5
{[%clk 0:17:31]} 20. Nxd6 {[%clk 0:06:10]} cxd6 {[%clk 0:15:20]} 21. Rc1 {[%clk
0:04:12]} Qh4 {[%clk 0:13:53]} 22. Bd2 {[%clk 0:03:59]} e4 {[%clk 0:14:06]} 23.
Bc3 {[%clk 0:03:38]} Ne5 {[%clk 0:13:43]} 24. Bxe5 {[%clk 0:03:24]} Bxe5 {[%clk
0:11:47]} 25. Qe2 {[%clk 0:02:33]} Qg5 {[%clk 0:11:56]} 26. Kd1 {[%clk
0:02:50]} Qxg2 {[%clk 0:11:06]} 27. Kc2 {[%clk 0:01:40]} Qf3 {[%clk 0:11:29]}
28. Qxf3 {[%clk 0:02:00]} exf3 {[%clk 0:10:24]} 29. Rce1 Bd4 30. Re7 {[%clk
0:01:46]} Rf7 {[%clk 0:09:43]} 31. Re6 {[%clk 0:00:49]} Be5 {[%clk 0:07:12]}
32. Re1 Rf6 33. Re7 {[%clk 0:01:12]} Rh6 {[%clk 0:06:52]} 34. c5 {[%clk
0:01:33]} bxc5 {[%clk 0:06:46]} 35. bxc5 {[%clk 0:01:53]} Rc8 {[%clk 0:06:41]}
36. c6 {[%clk 0:02:12]} Rxh3 {[%clk 0:05:47]} 37. Rd7 {[%clk 0:01:02]} Rh4
{[%clk 0:03:42]} 38. Kb3 {[%clk 0:00:47]} Rb8+ {[%clk 0:03:03]} 39. Rb7 {[%clk
0:01:12]} Rf8 {[%clk 0:01:13]} 40. c7 {[%clk 0:00:50]} a5 {[%clk 0:01:31]} 41.
Rg1+ {[%clk 0:28:14]} Kh8 {[%clk 0:29:50]} 42. Rc1 {[%clk 0:25:54]} Rc8 {[%clk
0:24:11]} 43. a3 {[%clk 0:24:49]} a4+ {[%clk 0:22:53]} 44. Ka2 {[%clk 0:24:36]}
Re4 {[%clk 0:19:10]} 45. Rb8 {[%clk 0:19:04]} 1/2-1/2

[Event "DEM U18w 2020"]
[Site "Willingen GER"]
[Date "2020.10.22"]
[Round "4"]
[White "Peglau, Sarah"]
[Black "Kühne, Maria"]
[Result "1-0"]
[Termination "normal"]
[Board "8"]
[WhiteElo "1699"]
[BlackElo "1590"]
[WhiteClock "00:00:34"]
[BlackClock "00:04:54"]
[PlyCount "79"]
[WhiteFideId "16219961"]
[BlackFideId "12997412"]
[EventCountry "GER"]
[EventRounds "7"]
[EventType "swiss"]
[EventDate "2020.10.19"]

1. e4 {[%clk 1:30:58]} d5 {[%clk 1:30:56]} 2. exd5 {[%clk 1:31:24]} Qxd5 {[%clk
1:31:21]} 3. Nf3 {[%clk 1:31:49]} Bg4 {[%clk 1:31:46]} 4. Be2 {[%clk 1:32:10]}
Nc6 {[%clk 1:32:04]} 5. h3 {[%clk 1:32:23]} Bh5 {[%clk 1:32:02]} 6. d4 {[%clk
1:21:57]} e5 {[%clk 1:30:35]} 7. c4 {[%clk 1:09:56]} Qa5+ {[%clk 1:30:54]} 8.
Bd2 {[%clk 1:03:45]} Bb4 {[%clk 1:30:26]} 9. d5 {[%clk 0:57:27]} Bxf3 {[%clk
1:29:40]} 10. Bxf3 {[%clk 0:51:49]} Nd4 {[%clk 1:29:41]} 11. Nc3 {[%clk
0:47:24]} Qa6 {[%clk 1:19:36]} 12. Be2 {[%clk 0:44:18]} O-O-O {[%clk 1:01:44]}
13. O-O {[%clk 0:43:32]} Nf6 {[%clk 0:44:48]} 14. a3 {[%clk 0:41:32]} Nxe2+
{[%clk 0:42:59]} 15. Qxe2 {[%clk 0:41:28]} Bxc3 {[%clk 0:43:16]} 16. Bxc3
{[%clk 0:40:21]} Rxd5 {[%clk 0:37:16]} 17. Rfe1 {[%clk 0:38:44]} Rd7 {[%clk
0:21:25]} 18. Bxe5 {[%clk 0:31:18]} Re8 {[%clk 0:19:57]} 19. Qc2 {[%clk
0:29:37]} Rde7 {[%clk 0:18:38]} 20. Qc3 {[%clk 0:21:11]} Qc6 {[%clk 0:15:56]}
21. Bxf6 {[%clk 0:14:24]} Qxf6 {[%clk 0:15:33]} 22. Rxe7 {[%clk 0:14:31]} Rxe7
{[%clk 0:15:53]} 23. Qxf6 {[%clk 0:14:47]} gxf6 {[%clk 0:16:18]} 24. Kf1 {[%clk
0:13:56]} Re4 {[%clk 0:14:13]} 25. b3 {[%clk 0:13:37]} c6 {[%clk 0:14:22]} 26.
Re1 {[%clk 0:12:34]} f5 {[%clk 0:13:29]} 27. f3 {[%clk 0:09:35]} Re6 {[%clk
0:13:19]} 28. Kf2 {[%clk 0:07:57]} Kd7 {[%clk 0:12:55]} 29. Rd1+ {[%clk
0:07:59]} Ke7 {[%clk 0:12:48]} 30. Rd4 {[%clk 0:04:49]} Rd6 {[%clk 0:11:18]}
31. Rxd6 {[%clk 0:04:14]} Kxd6 {[%clk 0:11:43]} 32. Ke3 {[%clk 0:04:37]} Ke5
{[%clk 0:09:50]} 33. f4+ {[%clk 0:03:25]} Kd6 {[%clk 0:10:08]} 34. Kd4 {[%clk
0:03:35]} c5+ {[%clk 0:07:18]} 35. Ke3 {[%clk 0:04:03]} a5 {[%clk 0:07:01]} 36.
a4 {[%clk 0:02:13]} Ke6 {[%clk 0:07:02]} 37. g4 {[%clk 0:00:56]} Kf6 {[%clk
0:06:57]} 38. Kf3 {[%clk 0:01:10]} Kg6 {[%clk 0:07:05]} 39. Kg3 {[%clk
0:01:15]} fxg4 {[%clk 0:04:54]} 40. hxg4 {[%clk 0:00:34]} 1-0